000 00832nam a22002537a 4500
999 _c15657
_d15657
003 AR-CdUCM
008 190429b ||||| |||| 00| 0 spa d
040 _aMUNICIPALIDAD PROVINCIAL DEL CUSCO
_cBIBLIOTECA MUNICIPAL DEL CUSCO
082 _aEP / 498.548 /
_bP48
100 _aPetsain Sunka, Bernabé
_934797
245 _aEnentaimratin :
_bLengua Wampis /
260 _aCondorcanqui :
_bEBRA,
_c2008.
300 _a39 páginas ;
_bilustraciones,
_c21 cm.
440 _aEnentaimratin.
_n2
_934798
500 _aTexto en Lengua Amazónica.
650 _aLengua Wampis
_934799
650 _aLiteratura
_983
650 _aAprendizaje
_92143
700 _aNoningo, Oswaldo
_934800
700 _aTuchía, Ronald
_934801
700 _aNavarro Rojas, Ricardo ... (coautores)
_934802
942 _2ddc
_cLIBROS
945 _aachl
_d2019-04-29